[Event "Challenge"]
[Site "http://www.queenalice.com/game.php?id=30990"]
[Date "2005.9.30"]
[Round "-"]
[White "Tibo"]
[Black "romie"]
[Result "0-1"]
[WhiteElo "1107"]
[BlackElo "1071"]

1. d4 d5 2. Nc3 Nf6 3. e3 Bg4 4. f3 Bd7 5. e4 Nc6 6. exd5 Nxd4 7. Qxd4 e6 8.
dxe6 fxe6 9. Qe5 Bd6 10. Qe3 O-O 11. Bc4 Kh8 12. Nce2 Nd5 13. Qd4 e5 14. Qe4 Nf4
15. Nxf4 exf4 16. Be6 Bxe6 17. h4 Bf5 18. Qd4 Bxc2 19. Bd2 Re8+ 20. Kf1 Qe7 21.
g4 a6 22. Rc1 Bg6 23. h5 Be5 24. Qd5 Rad8 25. Qxb7 Bd3+ 26. Ke1 Bxb2+ 27. Kd1
Bxc1 28. Kxc1 Qa3+ 29. Kd1 Qxa2 30. Ne2 Rxe2 31. Qc6 Rxd2+ 32. Ke1 Re2+ 33. Kd1
Qd2# 0-1

[Event "AUTO-OPEN-152"]
[Site "http://www.queenalice.com/game.php?id=31028"]
[Date "2005.9.30"]
[Round "1"]
[White "McXas"]
[Black "romie"]
[Result "0-1"]
[WhiteElo "1065"]
[BlackElo "1362"]

1. e4 Nf6 2. Nc3 d6 3. Bb5+ Bd7 4. d4 Bxb5 5. Nxb5 Nxe4 6. Qd3 d5 7. Bf4 e5 8.
dxe5 Bc5 9. f3 Ng5 10. h4 Ne6 11. Bg3 Nc6 12. Ne2 O-O 13. Rd1 a6 14. Nbc3 Nb4
15. Qf5 d4 16. Ne4 Nxc2+ 17. Kd2 Ne3 18. Nxc5 Nxf5 19. b4 Ne3 20. Rc1 Nxg2 21.
f4 b6 22. Nb7 Qd5 23. Rh2 Qxa2+ 24. Rc2 Qb3 25. Rxg2 d3 26. Nc1 Qxb4+ 27. Kxd3
Qd4+ 28. Ke2 Qe4+ 29. Kd2 Qxg2+ 30. Bf2 Qxf2+ 31. Kd1 Qf3+ 32. Kd2 Qxb7 33. f5
Qd5+ 34. Kc3 Qd4+ 35. Kb3 Nc5+ 36. Ka3 Qa4+ 37. Kb2 Qb3+ 38. Nxb3 Nxb3 39. Kxb3
c5 40. Kc4 Rfc8 41. h5 b5+ 42. Kd5 b4 43. h6 a5 44. Kc4 Rab8 45. Rd2 b3 46. e6
b2 47. exf7+ Kxf7 48. Rd7+ Kf6 49. hxg7 b1=Q 50. Rd6+ Kxg7 51. Rg6+ hxg6 52.
fxg6 Rb4+ 53. Kd5 Qf5+ 54. Kd6 Rb6+ 55. Ke7 Rc7+ 56. Kd8 Qd7# 0-1

[Event "AUTO-OPEN-152"]
[Site "http://www.queenalice.com/game.php?id=31029"]
[Date "2005.9.30"]
[Round "1"]
[White "romie"]
[Black "McXas"]
[Result "1-0"]
[WhiteElo "1297"]
[BlackElo "1033"]

1. d4 e6 2. e4 Nc6 3. Nf3 Nf6 4. Nc3 Bb4 5. Bd2 Ng4 6. Ne5 Nf6 7. a3 Ba5 8. Nc4
b6 9. Be2 g6 10. e5 Nh5 11. Be3 d5 12. Nxa5 bxa5 13. O-O Rb8 14. Nb5 Ne7 15. Qd3
Nf5 16. Nxa7 Bb7 17. Qb5+ c6 18. Qd3 Qb6 19. g4 Nxd4 20. Bxd4 Qxd4 21. Qxd4 Ng7
22. Qb6 Ke7 23. Qc5+ Ke8 24. Qd6 Rd8 25. Qc7 h5 26. Qxb7 hxg4 27. Nxc6 Rd7 28.
Qc8+ Rd8 29. Nxd8 Rh5 30. Bb5+ Ke7 31. Qd7+ Kf8 32. Qxf7# 1-0

[Event "AUTO-OPEN-152"]
[Site "http://www.queenalice.com/game.php?id=31069"]
[Date "2005.9.30"]
[Round "1"]
[White "ENDHER"]
[Black "romie"]
[Result "1-0"]
[WhiteElo "1881"]
[BlackElo "1100"]

1. d4 e6 2. c4 d5 3. Nc3 dxc4 4. e3 Nf6 5. Bxc4 Bd7 6. Qb3 b6 7. d5 exd5 8. Nxd5
Bc6 9. Nf4 Qd7 10. f3 b5 11. Bd3 Na6 12. Nge2 Bb4+ 13. Nc3 Rd8 14. Be2 Bc5 15.
O-O O-O 16. Rd1 Qe7 17. Bxb5 Bb7 18. Kh1 Bxe3 19. Re1 Nc5 20. Qa3 c6 21. Bxe3
cxb5 22. Bxc5 Qc7 23. Bxf8 Rxf8 24. Qxa7 Rc8 25. Nxb5 Qxf4 26. Qxb7 1-0

[Event "Let's Play Chess!"]
[Site "http://www.queenalice.com/game.php?id=34293"]
[Date "2005.10.21"]
[Round "-"]
[White "romie"]
[Black "zecafernandes"]
[Result "1-0"]
[WhiteElo "1266"]
[BlackElo "1205"]

1. e4 e5 2. Nf3 Nc6 3. Bc4 h6 4. d4 Bb4+ 5. Nc3 a6 6. a3 Ba5 7. O-O exd4 8. Nxd4
Ne5 9. Nb3 Bxc3 10. Qh5 Nf6 11. Qf5 Nxc4 12. Qc5 b5 13. bxc3 Nxe4 14. Qd4 Ncd6
15. Qe5+ Kf8 16. Bd2 Bb7 17. f3 f6 18. Qd4 Nxd2 19. Qxd2 c6 20. Qxd6+ Kg8 21.
Nd4 Kh7 22. Rfe1 Bc8 23. Re4 Bb7 24. Rae1 Qc8 25. Qe7 c5 26. Rg4 cxd4 27. Qxg7#
1-0

[Event "Challenge"]
[Site "http://www.queenalice.com/game.php?id=38767"]
[Date "2005.11.20"]
[Round "-"]
[White "misael"]
[Black "romie"]
[Result "0-1"]
[WhiteElo "1529"]
[BlackElo "1308"]

1. e4 e5 2. Nf3 Nc6 3. Bb5 a6 4. Ba4 Nf6 5. O-O Bc5 6. Nxe5 Nxe5 7. d4 Qe7 8.
dxc5 Qxc5 9. Nc3 O-O 10. Be3 Qe7 11. Bg5 h6 12. Nd5 Qe6 13. Nxc7 Qg4 0-1

[Event "AUTO-ADV-112"]
[Site "http://www.queenalice.com/game.php?id=42433"]
[Date "2005.12.8"]
[Round "1"]
[White "oilman58"]
[Black "romie"]
[Result "1-0"]
[WhiteElo "1347"]
[BlackElo "1372"]

1. Nf3 Nf6 2. g3 g6 3. Bg2 d5 4. O-O Bf5 5. d3 Nc6 6. Nc3 e5 7. Re1 e4 8. Nh4
Be6 9. dxe4 d4 10. Nb5 Bc5 11. e3 Bb4 12. Bd2 Bg4 13. f3 dxe3 14. Bxb4 Nxb4 15.
fxg4 Qxd1 16. Rexd1 Nxc2 17. Rac1 c6 18. Nc7+ Ke7 19. Nxa8 e2 20. Re1 Nxe1 21.
Rxe1 Rxa8 22. g5 Ng4 23. Rxe2 c5 24. Bh3 Ne5 25. Ng2 Rc8 26. Ne3 c4 27. Nd5+ Kf8
28. Bxc8 1-0

[Event "AUTO-ADV-112"]
[Site "http://www.queenalice.com/game.php?id=42434"]
[Date "2005.12.8"]
[Round "1"]
[White "romie"]
[Black "oilman58"]
[Result "0-1"]
[WhiteElo "1344"]
[BlackElo "1364"]

1. e4 e5 2. Bc4 d6 3. d4 Nf6 4. Nc3 Be7 5. Nf3 O-O 6. Ng5 h6 7. Bxf7+ Rxf7 8.
Nxf7 Kxf7 9. Nd5 Nbd7 10. Nxf6 Nxf6 11. h3 Kg8 12. Qd3 Bd7 13. Qc4+ Kh8 14. dxe5
dxe5 15. Be3 b5 16. Qc3 Bd6 17. O-O-O Nxe4 18. Qd3 Bc6 19. f3 Ng3 20. Rhe1 Qd7
21. f4 Be4 22. Qd2 Qe7 23. fxe5 Qxe5 24. Bf4 Qxf4 25. Re3 Qf7 26. Qd4 Bf4 27.
Qd8+ Rxd8 28. Rxd8+ Kh7 29. Kd2 Nf1+ 0-1

[Event "Challenge"]
[Site "http://www.queenalice.com/game.php?id=45877"]
[Date "2005.12.31"]
[Round "-"]
[White "rosie1940"]
[Black "romie"]
[Result "1-0"]
[WhiteElo "1734"]
[BlackElo "1364"]

1. e4 e5 2. Nf3 Nc6 3. Bc4 Be7 4. d4 exd4 5. Nxd4 Nxd4 6. Qxd4 Bf6 7. Qd3 Ne7 8.
O-O O-O 9. Nc3 Re8 10. f4 d6 11. e5 d5 12. Nxd5 Bf5 13. Qb3 Bxe5 14. fxe5 b6 15.
Nxe7+ Qxe7 16. Rxf5 Rf8 17. Bg5 Qd7 18. Raf1 1-0

[Event "AUTO-ADV-125"]
[Site "http://www.queenalice.com/game.php?id=47875"]
[Date "2006.1.14"]
[Round "1"]
[White "romie"]
[Black "Tistou"]
[Result "1-0"]
[WhiteElo "1367"]
[BlackElo "1628"]

1. Nf3 Nf6 2. d4 d5 3. Bf4 Bf5 4. Qd2 Ne4 5. Qd3 e6 6. Nbd2 Nxf2 7. Qb5+ c6 8.
Qxb7 Nd7 9. Rg1 Ng4 10. Qxc6 Rc8 11. Qa4 Bxc2 12. Qxa7 Be7 13. e3 O-O 14. Ba6
Ra8 15. Qb7 Ndf6 16. Rc1 Rb8 17. Bxb8 1-0

[Event "AUTO-ADV-125"]
[Site "http://www.queenalice.com/game.php?id=47876"]
[Date "2006.1.14"]
[Round "1"]
[White "Tistou"]
[Black "romie"]
[Result "1-0"]
[WhiteElo "1542"]
[BlackElo "1402"]

1. e4 c6 2. d4 g6 3. Nf3 Bg7 4. Bf4 d6 5. Bd3 c5 6. c3 Qa5 7. O-O Nc6 8. d5 Nd4
9. Nbd2 e5 10. Be3 Bd7 11. cxd4 cxd4 12. Bg5 f5 13. exf5 gxf5 14. Bc4 e4 15.
Nxd4 Qc5 16. N4b3 Qb4 17. Re1 Bxb2 18. f3 Ba4 19. fxe4 Bd4+ 20. Kh1 h6 21. Qh5+
Kf8 22. exf5 Bxa1 23. f6 Bb5 24. f7 Bxc4 25. Re8+ Rxe8 26. fxe8=Q+ Kg7 27. Qef7#
1-0

[Event "AUTO-ADV-125"]
[Site "http://www.queenalice.com/game.php?id=47877"]
[Date "2006.1.14"]
[Round "1"]
[White "romie"]
[Black "BodomChilD"]
[Result "0-1"]
[WhiteElo "1402"]
[BlackElo "1396"]

1. e4 e5 2. Nf3 Nc6 3. Nc3 g6 4. d4 Bg7 5. d5 Nd4 6. Bg5 Ne7 7. Be2 O-O 8. Be3
a5 9. Nxd4 exd4 10. Bxd4 Bxd4 11. Qxd4 d6 12. O-O c5 13. Qd3 a4 14. Rfe1 b6 15.
Qe3 Ra5 16. Bb5 Bd7 17. Bxd7 Qxd7 18. e5 Nf5 19. Qf4 dxe5 0-1

[Event "AUTO-ADV-125"]
[Site "http://www.queenalice.com/game.php?id=47878"]
[Date "2006.1.14"]
[Round "1"]
[White "BodomChilD"]
[Black "romie"]
[Result "1-0"]
[WhiteElo "1389"]
[BlackElo "1419"]

1. f4 g6 2. d4 Bg7 3. e4 d6 4. Nc3 e5 5. d5 c6 6. Nge2 Ne7 7. b3 exf4 8. Bxf4
Bg4 9. h3 Bxc3+ 10. Bd2 Bxa1 11. Qxa1 Rg8 12. hxg4 cxd5 13. Rxh7 dxe4 14. Qf6 d5
15. Nd4 Nd7 16. Qxf7# 1-0